| 000 | 01119nam0a22003011 4500 | ||
|---|---|---|---|
| 001 | rc\389934 | ||
| 005 | 20200721102606.0 | ||
| 010 |
_a5-376-00208-X _91780 |
||
| 035 | _a(NLR Aleph) 005639922 | ||
| 090 |
_a6657887 _c6657887 |
||
| 100 | _a20030616d1989 u |0rusy50 ca | ||
| 101 | 0 | _arus | |
| 102 | _aRU | ||
| 105 | _aa ||||||||| | ||
| 200 | 1 |
_aСинкопальные состояния в кардиологии _fА.С. Сметнев, А.А. Гросу, Н.М. Шевченко _gОтв. ред. А.А. Изворян |
|
| 210 |
_aКишинев _cШтиинца _d1989 |
||
| 215 |
_a131, [3] с., [1] л. ил. _cил. _d21 |
||
| 300 | _aРез.: англ. | ||
| 320 | _aБиблиогр.: с. 129-132 | ||
| 700 | 1 |
_aСметнев _bА. С. _gАлександр Сергеевич |
|
| 701 | 1 |
_aГросу _bА. А. _gАурен Андреевич |
|
| 701 | 1 |
_aШевченко _bН. М. _cд-р мед. наук _gНиколай Михайлович _3RU\NLR\AUTH\7743611 |
|
| 801 | 0 |
_aRU _bNLR _gpsbo |
|
| 801 | 1 |
_aRU _bELAR _2rusmarc |
|
| 852 |
_aNLR _j89-3/2995 |
||
| 942 | _cBOOK | ||
| 980 | _aNB | ||